Elmer / (Registro nro. 13211)

Detalles MARC
000 -LIDER
fixed length control field 00518nam a22002057a 4500
003 - IDENTIFICACDOR DE NÚMERO DE CONTROL
control field DO-SdBNP
005 - DATE AND TIME OF LATEST TRANSACTION
control field 20171129114603.0
008 - ELEMENTOS DE LONGITUD FIJA
fixed length control field 171129b sp2000||||| |||| 00| 0 spa d
020 ## - ISBN
International Standard Book Number 84 372 2186 2
040 ## - FUENTE DE CATALOGACIÓN
Agencia que crea de manera original el registro BMPSU
Idioma de catalogación spa
Agencia que realiza la transcripción BMPSU
100 ## - ASIENTO PRINCIPAL -- NOMBRE PERSONAL
Nombre personal McKee, David
245 ## - MENCIÓN DE TITULO
Título Elmer /
Mención de responsabilidad David McKee
250 ## - MENCIÓN DE EDICION
Mención de edición 6a. ed.
260 ## - PUBLICACIÓN, DISTRIBUCIÓN, ETC. (PIE DE IMPRENTA)
Lugar de publicación, distribución, etc Madrid :
300 ## - DESCRIPCIÓN FÍSICA
Extensión 31 p. :
Otros detalles físicos il. ;
Dimensiones 27 cm.
490 1# - MENCIÓN DE SERIES
Mención de serie Historias para dormir
830 ## - ASIENTO SECUNDARIO DE SERIE--TÍTULO UNIFORME
Título uniforme Historias para dormir
942 ## - ADDED ENTRY ELEMENTS (KOHA)
Source of classification or shelving scheme Dewey Decimal Classification
Koha item type Libros
945 ## - INFORMACIÓN DE PROCESAMIENTO LOCAL
Información de procesamiento local Inventariado, 2017/MFF
Existencias
Withdrawn status Lost status Source of classification or shelving scheme Damaged status Not for loan Collection code Home library Current library Date acquired Total Checkouts Barcode Date last seen Price effective from Koha item type
    Dewey Decimal Classification     Colección Infantil General Biblioteca Pública Metropolitana Salomé Ureña Biblioteca Pública Metropolitana Salomé Ureña 11/29/2017   BPMSU17110532 11/29/2017 11/29/2017 Libros